[Event "Windsor NAYCC U08 Girls"]
[Site "Windsor"]
[Date "2016.08.10"]
[Round "6.177"]
[White "Rajaram, Anika"]
[Black "Nguyen, Chance"]
[Result "0-1"]
[WhiteElo "1420"]
[BlackElo "1232"]
[PlyCount "132"]
[EventDate "2016.08.07"]
[EventType "swiss"]
[EventRounds "9"]
[EventCountry "CAN"]
[SourceTitle "EXT 2022"]
[Source "ChessBase"]
[SourceDate "2021.10.06"]
[SourceVersion "1"]
[SourceVersionDate "2021.10.06"]
[SourceQuality "1"]

1. c4 c5 2. g3 Nc6 3. Bg2 Nf6 4. Nc3 b6 5. a3 Bb7 6. b4 e6 7. bxc5 Bxc5 8. e3 e5 9. Nge2 Rb8 10. 0-0 0-0 11. Bb2 Na5 12. d3 Bxg2 13. Kxg2 d5 14. cxd5 Nxd5 15. e4 Nxc3 16. Nxc3 Bd4 17. Rb1 Rc8 18. Nd5 Re8 19. Bxd4 exd4 20. Qa4 Nc6 21. Rfc1 Qd6 22. Nb4 Nxb4 23. Qxb4 Qxb4 24. axb4 Rxc1 25. Rxc1 a5 26. bxa5 bxa5 27. Ra1 Ra8 28. Kf3 f6 29. Kf4 a4 30. Kf5 Kf7 31. Kf4 Ke6 32. Kf3 f5 33. exf5+ Kxf5 34. g4+ Ke5 35. Kg3 g5 36. Kf3 a3 37. Ke2 Kf4 38. f3 a2 39. Kf2 Ra3 40. Ke2 h6 41. Kf2 Rxd3 42. Rxa2 Rxf3+ 43. Kg2 Kxg4 44. Ra4 Rf4 45. h3+ Kh4 46. Ra6 h5 47. Ra3 g4 48. Rg3 Rf3 49. Rxf3 gxf3+ 50. Kxf3 Kxh3 51. Ke4 h4 52. Kxd4 Kg2 53. Ke3 h3 54. Ke2 h2 55. Ke3 h1Q 56. Ke2 Qh3 57. Kd2 Qf3 58. Kc2 Qe3 59. Kb2 Qd3 60. Ka1 Kf2 61. Kb2 Ke2 62. Ka1 Qb5 63. Ka2 Qb4 64. Ka1 Kd2 65. Ka2 Kc2 66. Ka1 Qa3# 0-1

[Event "Windsor NAYCC U08 Girls"]
[Site "Windsor"]
[Date "2016.08.09"]
[Round "5.177"]
[White "Nguyen, Chance"]
[Black "McNutt, Kaitlynn Lee"]
[Result "1-0"]
[WhiteElo "1232"]
[BlackElo "1060"]
[PlyCount "161"]
[EventDate "2016.08.07"]
[EventType "swiss"]
[EventRounds "9"]
[EventCountry "CAN"]
[SourceTitle "EXT 2022"]
[Source "ChessBase"]
[SourceDate "2021.10.06"]
[SourceVersion "1"]
[SourceVersionDate "2021.10.06"]
[SourceQuality "1"]

1. e4 e6 2. d4 d5 3. Nd2 Nf6 4. e5 Nfd7 5. Ne2 c5 6. c3 Nc6 7. Nf3 Qb6 8. b3 cxd4 9. cxd4 Bb4+ 10. Bd2 Qa5 11. a3 Bxd2+ 12. Qxd2 Qxd2+ 13. Nxd2 f6 14. exf6 Nxf6 15. Nf3 0-0 16. g3 Re8 17. b4 e5 18. dxe5 Nxe5 19. Nxe5 Rxe5 20. f3 Bd7 21. Kf2 Bb5 22. Nf4 Bxf1 23. Rhxf1 d4 24. Rad1 Rc8 25. Rfe1 Rc2+ 26. Kf1 Rxe1+ 27. Kxe1 Rxh2 28. Rxd4 Kf7 29. Rc4 Ne8 30. Rd4 Nf6 31. Rc4 Ne8 32. a4 b6 33. Rd4 Nf6 34. g4 g5 35. Nd5 Ra2 36. Nc3 Ra1+ 37. Ke2 a5 38. bxa5 bxa5 39. Rc4 Ne8 40. Rc5 Ra3 41. Kd2 Kg7 42. Rxg5+ Kf6 43. Rxa5 Kg6 44. f4 Rb3 45. Ra6+ Kg7 46. Ra7+ Kf8 47. Rxh7 Ra3 48. f5 Nf6 49. Rh4 Ke7 50. g5 Ng8 51. Rh7+ Kf8 52. g6 Rb3 53. Rf7+ Ke8 54. f6 Rb2+ 55. Ke1 Rg2 56. Ra7 Rxg6 57. f7+ Kf8 58. fxg8Q+ Kxg8 59. a5 Re6+ 60. Ne2 Rc6 61. Ra8+ Kg7 62. a6 Kf6 63. a7 Ke7 64. Rb8 Ra6 65. a8Q Rxa8 66. Rxa8 Kd6 67. Rc8 Ke5 68. Rc4 Kd5 69. Rd4+ Kc5 70. Kd2 Kc6 71. Kc3 Kb5 72. Rd5+ Kb6 73. Kc4 Kc6 74. Nd4+ Kc7 75. Kc5 Kb7 76. Rd6 Kc7 77. Ne6+ Kc8 78. Kc6 Kb8 79. Rd7 Ka8 80. Kb6 Kb8 81. Rd8# 1-0

[Event "Windsor NAYCC U08 Girls"]
[Site "Windsor"]
[Date "2016.08.07"]
[Round "1.177"]
[White "Nguyen, Chance"]
[Black "Qu, Greta"]
[Result "1-0"]
[WhiteElo "1232"]
[BlackElo "773"]
[PlyCount "75"]
[EventDate "2016.08.07"]
[EventType "swiss"]
[EventRounds "9"]
[EventCountry "CAN"]
[SourceTitle "EXT 2022"]
[Source "ChessBase"]
[SourceDate "2021.10.06"]
[SourceVersion "1"]
[SourceVersionDate "2021.10.06"]
[SourceQuality "1"]

1. e4 c5 2. Nf3 Nc6 3. d4 cxd4 4. Nxd4 Nf6 5. Nxc6 bxc6 6. Bd3 e5 7. Nc3 Be7 8. Bg5 h6 9. Bxf6 Bxf6 10. Qe2 Qb6 11. Rb1 0-0 12. 0-0 Rb8 13. b3 Qa5 14. Na4 Bb7 15. Qg4 d6 16. Rfd1 c5 17. Bc4 Bc6 18. Rxd6 Bxa4 19. Rxf6 Bd7 20. Qg3 Qxa2 21. Rf1 Qxc2 22. Rxh6 Qxe4 23. Rh4 Qf5 24. Bd3 Qf6 25. Bh7+ Kh8 26. Bf5+ Kg8 27. Qh3 g6 28. Bxd7 Rfd8 29. Ba4 Rd2 30. f3 Qg5 31. Rh8+ Kg7 32. Rxb8 Qe3+ 33. Kh1 Kf6 34. Qh4+ Kf5 35. g4+ Ke6 36. Re8+ Kd6 37. Qe7+ Kd5 38. Rd8# 1-0